Constitutional crisis in Malaysia

Main Author: Lim, Kit Siang
Published: Kuala Lumpur: Democratic Action Party, [date of publication not identified].
Subjects:
LEADER 00646cam a2200169 7i4500
001 0000049186
005 20260304090000.0
090 0 0 |a DS597   |b .L57 
100 3 |a Lim, Kit Siang  
245 1 0 |a Constitutional crisis in Malaysia   |c Lim Kit Siang. 
260 |a Kuala Lumpur:   |b Democratic Action Party,   |c [date of publication not identified]. 
300 |a xi, 319 p.:   |b ill.;   |c 19 cm. 
500 |a Gift: Zainol Ahmad Resource Center 
500 |a Gift: Puan Asmawati Ahmad Ishak 
650 0 0 |a Law --   |z Malaysia  
999 |a 0000068826  |b BOK  |c OPEN SHELF  |e 1st Floor, Bestari Jaya 
999 |a SFL0002223  |b BOK  |c SIDDIQ FADZIL LIBRARY  |e Perpustakaan Peringatan Siddiq Fadzil